Przystanki linii autobusowej 119 we Wrocławiu - Statystyki

Ogólne statystyki
  • Ten quiz został rozwiązany 34 razy
  • Średni wynik to 21 z 42
Statystyki odpowiedzi
Przystanek % Poprawnych
Sołtysowice
81%
Blacharska
77%
Koszarowa
77%
Sołtysowicka
73%
Bałtycka
69%
Broniewskiego
65%
Kwiska
65%
Most Milenijny
65%
Bezpieczna
62%
FAT
62%
Kasprowicza
62%
Pola
62%
Różanka
62%
Gądowianka
58%
Koszarowa (Szpital)
58%
Łużycka
58%
Na Ostatnim Groszu
58%
Nowodworska
58%
Nowy Dwór
58%
Rogowska
54%
Aleja Pracy
50%
Muchobór Wielki
50%
Ojca Beyzyma
50%
Plac Daniłowskiego
46%
Poprzeczna
46%
Zagony
46%
Hala Orbita
42%
Osobowicka (Cmentarz I)
42%
Osobowicka (Cmentarz II)
42%
Redycka
42%
Trawowa
42%
Bagatela
38%
Ostrowskiego
38%
Tyrmanda
38%
Wejherowska (Hala Orbita)
38%
Stanisławowska (W.K. Formaty)
35%
Końcowa
31%
Syrokomli
31%
Aleja Wędrowców
27%
Mińska (Rondo Rotmistrza Pileckiego)
27%
Ślusarska
23%
Krzemiecka
12%
Nie znaleziono quizów pasujących do podanych kryteriów
Rozkład punktacji
Procent ludzi z każdym wynikiem
Percentyl według liczby udzielonych odpowiedzi
Twoja historia wyników
Nie rozwiązałeś tego quizu